Movies That Have Won Multiple Oscars - Statistics

General Stats
  • This quiz has been taken 51 times
  • The average score is 25 of 63
Answer Stats
Year Number of Oscars Answer % Correct
2023 7 Everything Everywhere All at Once
86%
2019 3 Green Book
75%
2017 6 La La Land
75%
2017 3 Moonlight
75%
2021 3 Nomadland
75%
2020 4 Parasite
75%
2011 4 The King's Speech
69%
2016 3 The Revenant
69%
2015 4 Birdman
67%
2014 3 12 Years a Slave
64%
2018 4 The Shape of Water
64%
2022 3 Coda
58%
2014 7 Gravity
58%
2013 3 Argo
56%
2020 2 Joker
56%
2013 2 Lincoln
56%
2020 2 Once Upon a Time in Hollywood
56%
2016 2 Spotlight
56%
2012 5 The Artist
56%
2023 4 All Quiet on the Western Front
53%
2019 3 Roma
53%
2010 6 The Hurt Locker
53%
2010 3 Avatar
50%
2022 6 Dune
47%
2011 4 Inception
47%
2019 3 Black Panther
42%
2019 4 Bohemian Rhapsody
39%
2013 2 Django Unchained
39%
2015 4 The Grand Budapest Hotel
39%
2014 3 Dallas Buyers Club
36%
2018 3 Dunkirk
36%
2011 3 The Social Network
36%
2023 2 The Whale
36%
2018 2 Darkest Hour
33%
2016 6 Mad Max: Fury Road
33%
2017 2 Manchester by the Sea
33%
2020 3 1917
31%
2020 2 Ford v Ferrari
31%
2012 5 Hugo
31%
2021 2 The Father
31%
2018 2 Three Billboards Outside Ebbing, Missouri
31%
2011 2 Toy Story 3
31%
2015 3 Whiplash
31%
2017 2 Hacksaw Ridge
25%
2011 2 The Fighter
25%
2013 3 Les Misérables
22%
2013 4 Life of Pi
22%
2021 2 Mank
22%
2021 2 Judas and the Black Messiah
19%
2021 2 Sound of Metal
19%
2022 2 The Eyes of Tammy Faye
19%
2012 2 The Iron Lady
19%
2010 2 UP
19%
2018 2 Blade Runner 2049
17%
2014 2 Frozen
17%
2018 2 Coco
14%
2010 2 Crazy Heart
14%
2010 2 Precious
14%
2013 2 Skyfall
11%
2021 2 Soul
11%
2021 2 Ma Rainey's Black Bottom
8%
2011 2 Alice in Wonderland
6%
2014 2 The Great Gatsby
6%
No matching quizzes found
Score Distribution
Percent of People with Each Score
Percentile by Number Answered
Your Score History
You have not taken this quiz